Riconosci il Pokémon - Quiz n°398 - Statistics

Statistiche generali
  • Questo quiz è stato fatto 2 volte
  • Il punteggio medio è 7 su 10
Statistiche sulle risposte
Indizio Risposta % Corretto
Tipo Coleottero / Volante
100%
Stadio evoluzione Prima evoluzione
100%
Generazione Terza
100%
Altezza 0,80 m
50%
Tasso di cattura 120 (24.9%)
50%
Peso 12,0 kg
50%
Sesso 50% ♂, 50% ♀
50%
Abilità Acceleratore; Intrapasso
50%
Tasso di allevamento Irregolare
50%
Pokémon Ninjask
50%
Nessun quiz corrispondente trovato
Distribuzione punteggi
Percentuale di utenti per punteggio
Percentile per numero di risposta
I tuoi punteggi nel tempo
Non hai fatto questo quiz